000 00480nam a22001697a 4500
003 CUTN
005 20250610155847.0
008 250610b |||||||| |||| 00| 0 eng d
020 _a9788180943515
041 _aEnglish
082 _223
_a294.5
_bKRI
100 _aaiyangar s krishnaswami
245 _aEarly histroy of vaishnavism in south india
_cs krishnaswami aiyangar
260 _aChennai:
_bMJP Publisher,
_c2017.
300 _a112p. :
_bill, ;
_c22cm.
942 _2ddc
_cBOOKS
999 _c44690
_d44690